000 00280 a2200121 4500
001 64556
082 _a8914393 RAQ
090 _c38184
_d38184
100 _aRaqya Jaffri
245 _aSonihra Daria
_hUrdu
260 _aLahore
_bSang-e- Meel Publication
_c1998
300 _a32p.
942 _aNUST CAE
_k8914393 RAQ
999 _c299629
_d299629